<?xml version="1.0" encoding="UTF-8"?><?xml-stylesheet type="text/xsl" href="static/style.xsl"?><OAI-PMH xmlns="http://www.openarchives.org/OAI/2.0/" xmlns:xsi="http://www.w3.org/2001/XMLSchema-instance" xsi:schemaLocation="http://www.openarchives.org/OAI/2.0/ http://www.openarchives.org/OAI/2.0/OAI-PMH.xsd"><responseDate>2026-04-14T04:47:01Z</responseDate><request verb="GetRecord" identifier="oai:www.recercat.cat:2072/370495" metadataPrefix="marc">https://recercat.cat/oai/request</request><GetRecord><record><header><identifier>oai:recercat.cat:2072/370495</identifier><datestamp>2024-12-13T09:28:07Z</datestamp><setSpec>com_2072_63420</setSpec><setSpec>com_2072_63419</setSpec><setSpec>com_2072_63412</setSpec><setSpec>com_2072_2015</setSpec><setSpec>col_2072_63421</setSpec></header><metadata><record xmlns="http://www.loc.gov/MARC21/slim" xmlns:dcterms="http://purl.org/dc/terms/" xmlns:xsi="http://www.w3.org/2001/XMLSchema-instance" xmlns:doc="http://www.lyncode.com/xoai" xsi:schemaLocation="http://www.loc.gov/MARC21/slim http://www.loc.gov/standards/marcxml/schema/MARC21slim.xsd">
   <leader>00925njm 22002777a 4500</leader>
   <datafield ind2=" " ind1=" " tag="042">
      <subfield code="a">dc</subfield>
   </datafield>
   <datafield ind2=" " ind1=" " tag="720">
      <subfield code="a">MARÍN PORTA, ANNA</subfield>
      <subfield code="e">author</subfield>
   </datafield>
   <datafield ind2=" " ind1=" " tag="520">
      <subfield code="a">¿REC KIDS, el petit gran festival de moda.¿ Sota aquest títol s¿amaga el pla de comunicació corporativa per al nou festival de moda infantil. Aquest Treball Final de Màster explora el sector de la moda i la cultura dedicada als més petits per descobrir quina és la millor manera de comunicar aquest nou esdeveniment i dissenyar-ne el pla de comunicació que ha de permetre posicionar el Rec Kids entre els
millors certàmens de moda d¿Europa. Atreure el mateix volum de públic que en l¿edició per adults, aconseguir que la població catalana en conegui l¿existència i una obtenir bona reputació seran els principals objectius d¿aquesta primera edició.</subfield>
   </datafield>
   <datafield ind1="8" ind2=" " tag="024">
      <subfield code="a">http://hdl.handle.net/10609/109287</subfield>
   </datafield>
   <datafield tag="653" ind2=" " ind1=" ">
      <subfield code="a">Relacions públiques, comunicació corporativa, organització d¿esdeveniments, pla de comunicació, comunicació de moda.</subfield>
   </datafield>
   <datafield ind2="0" ind1="0" tag="245">
      <subfield code="a">REC KIDS,  el petit gran festival de moda</subfield>
   </datafield>
</record></metadata></record></GetRecord></OAI-PMH>